| 000 | 00435nam a22001697a 4500 | ||
|---|---|---|---|
| 999 |
_c172371 _d172371 |
||
| 005 | 20200317154112.0 | ||
| 010 | _aA-842639 | ||
| 020 | _c6.00 | ||
| 035 | _aA-842639 | ||
| 037 | _bBPPD/Pub. | ||
| 082 | _a842 | ||
| 245 | _aروح ادب کے ڑرامے | ||
| 246 | _aRooh-e-Adab ke Drame | ||
| 260 |
_a- _bMaghribi Bangal Urdu Academy _c1987 ء |
||
| 300 |
_a90p. _c20cm(Hb) |
||
| 942 |
_2ddc _cUR _h842 _mر و ح |
||